Variétés d'animaux #2 - Statistiques

Statistiques générales
  • Ce quiz a été pris 16 232 fois
  • Le résultat moyen est 12 sur 20
Statistiques - réponses
Variétés Animal % Correct
Siamois, sphynx, persan Chat
99%
Veuve noire, mygale, sauteuse Araignée
97%
Pur-sang, mustang, frison Cheval
91%
Bleue, à bosses, franche Baleine
85%
Iguane, gecko, monstre de Gila Lézard
85%
Roux, arctique, fennec Renard
85%
Rainette, rieuse, dendrobate Grenouille
83%
Ara, jaco, inséparable Perroquet
76%
Tsé-tsé, taon, à fruits Mouche
71%
Grand-duc, moyen-duc, des marais Hibou
60%
De cocotier, araignée géant, tourteau Crabe
58%
Koï, de roseau, argentée Carpe
54%
Nébuleuse, des neiges, noire Panthère
52%
Biset, ramier, voyageur Pigeon
52%
Saanen, des montagnes, cachemire Chèvre
44%
Gazelle, impala, springbok Antilope
43%
De Bassan, à pieds bleus, masqué Fou
28%
Cendrée, du Japon, royale Grue
26%
Épeiche, vert, épeichette Pic
25%
Tuberculé, noir, chanteur Cygne
10%
Aucun quiz correspondant
Distribution des résultats
% des personnes avec chaque résultat
Percentile par nombre de réponses
Votre historique - résultats
Vous n’avez pas pris ce quiz